Memoria del Ministerio de Marina presentada al Congreso Nacional en 1884

Enregistré dans:
Détails bibliographiques
Format: Livre
Langue:espagnol
Publié: Santiago Imprenta Gutenberg 1884
Édition:1a. ed
Sujets:
Tags: Ajouter un tag
Pas de tags, Soyez le premier à ajouter un tag!

MARC

LEADER 00000cam a2200000 a 4500
001 UCE4733
003 CL-VaPUC
008 141107e18840000cl |||||||||||||||||spa|d
082 0 4 |a 351.05  |b MEM  |2 21 
245 1 0 |a Memoria del Ministerio de Marina presentada al Congreso Nacional en 1884 
250 |a 1a. ed 
300 |a 455 p 
942 |c BK 
945 |d 20141107 12:15:00  |a arojas 
260 |a Santiago  |b Imprenta Gutenberg  |c 1884 
500 |a Incluye plegables 
600 0 7 |a MINISTERIO DE GUERRA Y MARINA  |2 CL-VaPUC  |9 577240 
600 0 |a Armada de Chile  |9 340497 
600 0 |a Marina mercante  |9 389295 
600 0 7 |a CONGRESO NACIONAL  |2 CL-VaPUC  |9 396553 
650 7 |a MEMORIAS MINISTERIALES  |2 CL-VaPUC  |9 396559 
650 0 |a Historia de Chile   |9 322385 
650 0 |a Fuentes Históricas  |9 265141 
650 0 |a Balances  |9 356958 
583 |a last modification  |c 20141107 12:15:00  |k Rodrigo Vera 
999 |c 357613  |d 357611 
952 |0 0  |1 0  |3 erd  |4 0  |6 351_050000000000000_MEM_1884  |7 0  |8 X  |9 465639  |a FDOBUD  |b FDOBUD  |i 512378K  |o 351.05 MEM 1884  |p 512378K  |r 2019-11-23  |w 2019-11-23  |y BK_X  |z Catalogado en:20141107  |k BUD